• 首页
  • 本馆介绍
  • 公告通知
  • 最新文献
  • 馆藏检索
  • 电子资源
  • 读者导购
  • 参考咨询
  • 我的图书馆
  • 登录
  • 详细信息显示
  • 放入我的书架
  • 预约/预借图书
  • 作者相关作品
  • 分类相关作品
  • 丛书相关作品
  • 出版社相关作品

书目信息

  • 表格格式
  • 工作单格式
  • 卡片格式
题名:
企业家大败局
    
 
作者: 余胜海 著
分册:  
出版信息: 北京   中国经济出版社  2009
页数: 294页
开本: 24cm
丛书名:
单 册:
中图分类: F279.23 , K825.38=76
科图分类:
主题词: 企业管理--案例--中国--1978~2009 , 企业家--生平事迹--中国--现代 , 企业管理 , 企业家
电子资源:
ISBN: 978-7-5017-9294-8
000 01102nam0 2200301 45
001 1032980421
005 20100408160926.54
010    @a978-7-5017-9294-8@dCNY38.00
100    @a20100331d2009 em y0chiy50 ea
101 0  @achi
102    @aCN@b110000
105    @aa z 000yd
106    @ar
200 1  @a企业家大败局@AQi Ye Jia Da Bai Ju@e中国商界悲情纪实@EZhong Guo Shang Jie Bei Qing Ji Shi@e1978-2009@f余胜海著@FYu Sheng Hai Zhu
210    @a北京@c中国经济出版社@d2009
215    @a294页@c照片@d24cm
300    @a中经企业管理
330    @a本书讲述了23位悲情企业家从辉煌到败落的人生轨迹,还将每个案例进行归类,并在此基础上进行深入的分析和反思,给现在及未来的中国企业提供了获得成功的切实经验和规避失败的具体思路。
517 1  @a中国商界悲情纪实@AZhong Guo Shang Jie Bei Qing Ji Shi
606 0  @a企业管理@x案例@y中国@z1978~2009
606 0  @a企业家@x生平事迹@y中国@z现代
606 0  @a企业管理
606 0  @a企业家
690    @aF279.23@v4
690    @aK825.38=76@v4
701  0 @a余胜海@AYu Sheng Hai@4著
801  0 @aCN@bTANGWEI@c20100408
905    @b0587011-15@dF279.23@e832@f5
    
    企业家大败局:中国商界悲情纪实:1978-2009/余胜海著.-北京:中国经济出版社,2009
    294页:照片;24cm
    中经企业管理
    
    ISBN 978-7-5017-9294-8:CNY38.00
    本书讲述了23位悲情企业家从辉煌到败落的人生轨迹,还将每个案例进行归类,并在此基础上进行深入的分析和反思,给现在及未来的中国企业提供了获得成功的切实经验和规避失败的具体思路。
●
相关链接 在E读中查询图书 在五车中查询图书 在当当中查询图书 在豆瓣中查询图书


正题名:企业家大败局     索取号:F279.23/832         预约/预借

序号 登录号 条形码 馆藏地/架位号 状态 备注
1 0587011   205870119   第一样本阅览室/ [索取号:F279.23/832] 在馆    
2 0587012   205870128   第一借阅区/ [索取号:F279.23/832] 在馆    
3 0587013   205870137   第一借阅区/ [索取号:F279.23/832] 在馆    
4 0587014   205870146   第一借阅区/ [索取号:F279.23/832] 在馆    
5 0587015   205870155   第一借阅区/ [索取号:F279.23/832] 在馆    
唐山师范学院图书馆 欢迎您!
大连网信软件有限公司© 版权所有